000 00540nam a22001697a 4500
020 _a9789381269220
050 _aQA76.9
_b.H46 2012
100 _aHennessy, John L.
245 _aComputer architecture :
_ba quantitative approach
_cJohn L. Hennessy; David A. Patterson
250 _a5th ed.
260 _aWaltham, MA :
_bMorgan Kaufmann,
_c2012.
300 _axxvii, 493p.:
500 _aincludes table of contents, appendices , references and index.
650 _v1. Computer architecture.
700 _aPatterson, David A.
942 _cGEN
999 _c2477
_d2477